000 00709nam a2200289Ia 4500
005 20260324131740.0
008 008 260324s9999 xx 000 0 eng d
020 _a9780429428494
037 _aEBOOK
040 _aCRL
040 _beng
040 _cCRL
041 _2eng
041 _aeng
084 _qCRL
100 _aMarie Parker-Jenkins; Dimitra Hartas; Barrie A. Irving
_91186679
245 0 _aIn Good Faith
245 0 _bSchools, Religion and Public Funding
260 _bTaylor and Francis
260 _c2005
365 _a
365 _b170
856 _uhttp://www.taylorfrancis.com/books/9780429428494
942 _cEBOOK
999 _c1784139
_d1784139